| 000 | 00000nas##2200000za#4500 |
| 001 | 9.515723 |
| 003 | CaOODSP |
| 005 | 20200331175337 |
| 007 | ta |
| 008 | 150406c1994||||xxc|| p #||||f| |0eng|d |
| 022 | |a1496-497X |
| 040 | |aCaOODSP|beng |
| 043 | |an-cn--- |
| 086 | 1 |aA47-8E |
| 110 | 1 |aCanada. |bAgriculture and Agri-Food Canada. |
| 245 | 10|aPotato gene resources newsletter / |cPublished by Potato Research Centre. |
| 260 | |aFredericton - Connecticut : |bAgriculture and Agri-Food Canada |
| 310 | |aAnnual |
| 362 | 1 |aVol. 1, issue 1 (June 1994)- |
| 520 | 3 |aProvides information on potato germplasm in the Repository and on issues related to the genetic diversity in the potato. |
| 690 | 07|aAgricultural technology|2gcpds |
| 690 | 07|aGenetics|2gcpds |
| 690 | 07|aVegetable crops|2gcpds |
| 775 | 08|tBulletin de la Banque de gènes de pomme de terre / |w(CaOODSP)9.514046 |
| 776 | 0#|tPotato gene resources. |w(CaOODSP)9.504603 |
| 776 | 0#|tPotato gene resources newsletter / |w(CaOODSP)9.876675 |